000 00423nam a2200169Ia 4500
001 23440
005 20260414150937.0
008 260414t2000||||xx |||||||||||||| ||spa||
041 _aESP
082 _a650.01513
_bG22
100 _aGarcĂ­a, Jaime A.
_eAUT
245 0 _aMatemáticas financieras :
_bcon ecuaciones de diferencia finita
260 _c2000
650 _aGEN
654 _aCCO
942 _cLIB
_dJUS
_fJUS
_2ddc
_n
999 _c23440
_d23440